000 00764nam a22002657a 4500
003 CHAP
005 20220329140346.0
008 971013s1970 r 00010 d
010 _a50895
011 _a51867
035 _a56017
040 _cCHAP
082 _a334
_bV6Y
100 0 0 _aVoorhis, Jerry.
_9120692
245 _aCooperativas
_b: desarrollo, función, futuro
260 _aMéxico, D.F. :
_bPax-México,
_c1970
300 _a269 p.
590 _aBATCH-UPD
_b10
_c20130110
_lUCH01
_h0548
590 _aCONVERSION
_b10
_c20130109
_lUCH01
_h1328
650 1 4 _aCooperativismo.
_927786
650 1 4 _aSociedades cooperativas
_xColima.
_9108124
901 _aBK
942 _cLIBRO
949 _a334 V6Y
_bBC
_cLIBRO
_d33724000334140
_eLIBRO
_h16610
_i56017
_mD
_si
999 _c50895
_d50895